| 000 | 00405pab a2200145 454500 | ||
|---|---|---|---|
| 008 | 180718b2010 xxu||||| |||| 00| 0 eng d | ||
| 100 | _aSekhon, Jagrup S. | ||
| 245 | _aPolitics of religious space: A study of contestation between the Mahant and the villagers | ||
| 260 | _c2010 | ||
| 300 | _ap.1-17. | ||
| 650 | _aReligion | ||
| 773 | _aGuru Nanak Journal of Sociology | ||
| 908 | _aN | ||
| 909 | _a92168 | ||
| 999 |
_c92168 _d92168 |
||